000 00364nam a2200169Ia 4500
100 _aAllamaraju/Subrahmanyam
650 _aJava
250 _a1
942 _cRB
366 _f20
654 _ajava server
245 _aProfessional Java Server Programming J2EE
260 _bSPD
_c2004
082 _a005.133J/ALL
_bALL
300 _a1248
546 _aENGLISH
999 _c30676
_d30676